Biblioteca y Centro de Documentación

Servicio de farmacia hospitalaria (Registro nro. 13545)

Detalles MARC
000 -CABECERA
Longitud fija campo de control 01341nam a2200349 c 4500
001 - NÚMERO DE CONTROL
Número de control 13545
003 - IDENTIFICADOR DE NÚMERO DE CONTROL
Identificador del número de control ES-MaCES
005 - FECHA Y HORA DE LA ÚLTIMA TRANSACCIÓN
Fecha y hora de la última transacción 20220207144653.0
008 - CAMPO FIJO DE DESCRIPCIÓN FIJA--INFORMACIÓN GENERAL
Códigos de información de longitud fija   020410s2001 sp d o000 | spa d
017 ## - NÚMERO DE REGISTRO DE DERECHOS DE AUTOR Y DEPÓSITO LEGAL
Número de copyright o de depósito legal M 43506-2001
Agencia que asigna el número DL
024 7# - OTROS IDENTIFICADORES
Número normalizado o código 352-01-006-0
Fuente del número o código nipo
035 ## - NÚMERO DE CONTROL DEL SISTEMA
Número de control del sistema CES20020005308m
040 ## - FUENTE DE CATALOGACIÓN
Centro catalogador de origen ES-MaCES
Lengua de catalogación spa
Centro transcriptor ES-MaCES
245 00 - MENCIÓN DE TÍTULO
Título Servicio de farmacia hospitalaria
Resto del título : catálogo de productos y facturación
Mención de responsabilidad, etc. [elaborado por, Subdirección General de Atención Especializada y Sociedad Española de Farmacia Hospitalaria]
260 ## - PUBLICACIÓN, DISTRIBUCIÓN, ETC (PIE DE IMPRENTA)
Lugar de publicación, distribución, etc. Madrid
Nombre del editor, distribuidor, etc. INSALUD, Servicio de Publicaciones y Biblioteca
Fecha de publicación, distribución, etc. 2001
300 ## - DESCRIPCIÓN FÍSICA
Extensión 57 h.
Dimensiones 30 cm
500 ## - NOTA GENERAL
Nota general Ejemp. fotocopiado
541 ## - NOTA DE LA FUENTE INMEDIANTE DE ADQUISICIÓN
Forma de adquisición Gratuito
650 #4 - ASIENTO SECUNDARIO DE MATERIA--TÉRMINO DE MATERIA
Término de materia o nombre geográfico como elemento inicial hospital
9 (RLIN) 27059
650 #4 - ASIENTO SECUNDARIO DE MATERIA--TÉRMINO DE MATERIA
Término de materia o nombre geográfico como elemento inicial farmacias
9 (RLIN) 30795
650 #4 - ASIENTO SECUNDARIO DE MATERIA--TÉRMINO DE MATERIA
Término de materia o nombre geográfico como elemento inicial producto farmacéutico
9 (RLIN) 27802
650 #4 - ASIENTO SECUNDARIO DE MATERIA--TÉRMINO DE MATERIA
Término de materia o nombre geográfico como elemento inicial contabilidad de costes
9 (RLIN) 28280
650 #4 - ASIENTO SECUNDARIO DE MATERIA--TÉRMINO DE MATERIA
Término de materia o nombre geográfico como elemento inicial gestión de los sistemas de asistencia sanitaria
9 (RLIN) 30670
650 #4 - ASIENTO SECUNDARIO DE MATERIA--TÉRMINO DE MATERIA
Término de materia o nombre geográfico como elemento inicial España
9 (RLIN) 26964
653 10 - TÉRMINO DE INDEXACIÓN--NO CONTROLADO
Término no controlado Salud
710 2# - ENCABEZAMIENTO SECUNDARIO--NOMBRE CORPORATIVO
Nombre de entidad o nombre de jurisdicción como elemento inicial Instituto Nacional de la Salud (España)
Término indicativo de función ed.
9 (RLIN) 4282
710 2# - ENCABEZAMIENTO SECUNDARIO--NOMBRE CORPORATIVO
Nombre de entidad o nombre de jurisdicción como elemento inicial Instituto Nacional de la Salud (España)
Unidad subordinada Subdirección General de Atención Especializada
9 (RLIN) 4284
710 2# - ENCABEZAMIENTO SECUNDARIO--NOMBRE CORPORATIVO
Nombre de entidad o nombre de jurisdicción como elemento inicial Sociedad Española de Farmacia Especializada
9 (RLIN) 4992
902 ## - CES. TIPO DE DOCUMENTO
Tipodoc (006$c Sirtex) DOC Literatura gris
942 ## - ELEMENTOS KOHA
Fuente de clasificaión o esquema Clasificación propia del CES
Koha [por defecto] tipo de item Monografías
Parte de clasificación 3.1.
Existencias
Número de registro Signatura completa Tipo de item de Koha
046895 DOC-3.1.-67 Monografías
© CES, Consejo Económico y Social de España 2021